| 000 | 00738cam a2200157 4500500 | ||
|---|---|---|---|
| 005 | 20260201131232.0 | ||
| 041 | _afre | ||
| 042 | _adc | ||
| 100 | 1 | 0 |
_aMellon, Christian _eauthor |
| 245 | 0 | 0 | _aAlexis Spire, Accueillir ou reconduire, enquête sur les guichets de l’immigration, Editions Raisons d’agir, 2008, 126 p., 7 € |
| 260 | _c2009. | ||
| 500 | _a24 | ||
| 520 | _aResumé Camille Tarot, Le symbolique et le sacré – Théories de la religion, La Découverte, collection Textes à l’appui, Bibliothèque du Mauss, 2008, 912 p., 39 €. | ||
| 786 | 0 | _nRevue Projet | 308 | 1 | 2009-01-01 | p. 089e-094e | 0033-0884 | |
| 856 | 4 | 1 | _uhttps://shs.cairn.info/revue-projet-2009-1-page-089e?lang=fr&redirect-ssocas=7080 |
| 999 |
_c1642355 _d1642355 |
||